A Textbook of Differential Calculus (Record no. 18670)

MARC details
000 -LEADER
fixed length control field 00458nam a22001697a 4500
008 - FIXED-LENGTH DATA ELEMENTS--GENERAL INFORMATION
fixed length control field 210105b xxu||||| |||| 00| 0 eng d
020 ## - INTERNATIONAL STANDARD BOOK NUMBER
International Standard Book Number 9380199559
050 ## - LIBRARY OF CONGRESS CALL NUMBER
Classification number QA304
Item number .S56 2017 c.1
100 ## - MAIN ENTRY--PERSONAL NAME
Personal name Singh, U.P.
245 ## - TITLE STATEMENT
Title A Textbook of Differential Calculus
Statement of responsibility, etc. U.P. Singh
260 ## - PUBLICATION, DISTRIBUTION, ETC. (IMPRINT)
Place of publication, distribution, etc. New Delhi
Name of publisher, distributor, etc. Wisdom Press
Date of publication, distribution, etc. 2017
300 ## - PHYSICAL DESCRIPTION
Extent 240p.
650 ## - SUBJECT ADDED ENTRY--TOPICAL TERM
Topical term or geographic name as entry element Differential Calculus
700 ## - ADDED ENTRY--PERSONAL NAME
Personal name R.J. Srivastava
700 ## - ADDED ENTRY--PERSONAL NAME
Personal name N.H. Siddiqui
942 ## - ADDED ENTRY ELEMENTS (KOHA)
Source of classification or shelving scheme Library of Congress Classification
Koha item type General Collection
Holdings
Withdrawn status Lost status Source of classification or shelving scheme Not for loan Home library Current library Date acquired Cost, normal purchase price Total Checkouts Full call number Barcode Date last seen Date last checked out Price effective from Koha item type
    Library of Congress Classification   Kabarak, Main Campus Kabarak, Main Campus 05/01/2021 5366.00 2 QA304 .S56 2017 c.1 029931 24/05/2023 10/05/2023 05/01/2021 General Collection
    Library of Congress Classification   Kabarak, Main Campus Kabarak, Main Campus 06/01/2021 5366.00 2 QA304 .S56 2017 c.2 029930 03/10/2023 19/09/2023 06/01/2021 General Collection
    Library of Congress Classification   Kabarak, Nakuru City Campus Kabarak, Nakuru City Campus 06/01/2021 5366.00   QA304 .S56 2017 c.1 029934 06/01/2021   06/01/2021 General Collection
Designed with assistance from East African Informatics Ltd